| 000 | 01923nam a2200253 a 4500 | ||
|---|---|---|---|
| 090 |
_aIAVH _b00765 CD-1 |
||
| 041 | _aspa | ||
| 110 |
_bPROCUENCA _992579 |
||
| 245 | _aCaracterización biológica y socioeconómica de una ventaja de paisaje rural de 2500 Has. en la cuenca del río Banco - torre 4 | ||
| 260 |
_aManizales _bPROCUENCA _bINFIMANIZALES _bInstituto Alexander von Humboldt _c2004 |
||
| 300 | _a205 p. | ||
| 520 | _aEn primer lugar se presenta una Caracterización biológica y socioeconómica de una ventaja de paisaje rural de 2500 Has. en la cuenca del río Banco que incluye Resumen de la metodología empleada en la ventana de caracterización: plantas; aves; insectos-hormigas; caracterización socioeconómica; Elementos del paisaje muestreados en la ventana; Datos preliminares caracterización socioeconómca y Datos preliminares caracterización biológica. En segundo lugar se analiza la aplicación de la exoneración del impuesto predial como incentivo para la conservación en Manizales: impacto de la exención en los ingresos del municipio, papel de las exenciones dentro de las finanzas municipales, fundamentos de la exención predial para conservación de bosques en el municipio de Manizales (criterios de otorgamiento), aplicación de la exención (procedimientos, implementación y seguimiento), instrumento (usuarios actuales y potenciales) | ||
| 650 |
_aConservación _992401 |
||
| 650 |
_aBiodiversidad _992204 |
||
| 650 |
_aCaracterización biológica _92833 |
||
| 650 |
_aCaracterización socioeconómica _91318 |
||
| 650 |
_aPaisaje rural _992518 |
||
| 650 |
_aElementos del paisaje _95584 |
||
| 650 |
_aExención de impuesto _992580 |
||
| 650 |
_aIncentivos _992522 |
||
| 662 |
_aColombia _cRío Blanco _dManizales _bCaldas |
||
| 710 |
_a^aINFIMANIZALES _992581 |
||
| 773 | 0 |
_05986 _99704 _a _b _dBogotá Informatica documental 2007 _o024802 _tInformes de investigaciones IAVH en PDF _w _x _z |
|
| 999 |
_c6056 _d6056 |
||